Loading...

The concise history of the modern world: 1500 to the present : a guide to world affairs

Bibliographic Details
Main Author: William Woodruff
Format: Printed Book
Published: New York Palgrave Macmillan 2002
Edition:4th rev. ed.
Subjects:
LEADER 00735nam a22002051a 4500
020 |a 9780333971635  |c 0.00 
040 |a SSUS - Library - Kalady 
082 |a 909.83  |b WIL/C 
100 |a William Woodruff  
245 |a The concise history of the modern world: 1500 to the present : a guide to world affairs   |h [Text] 
250 |a 4th rev. ed. 
260 |a New York  |b Palgrave Macmillan  |c 2002 
300 |a 430p. 
600 |a History 
600 |a History World Modern 
600 |a History World 
852 |h 909.83  |i WIL/C  |p 052038  |9 0.00  |t 0 
942 |c BK 
999 |c 8818  |d 8818 
952 |0 0  |1 0  |4 0  |6 909_830000000000000_WIL_C  |7 0  |9 13033  |a SSUS  |b SSUS  |c STACKS  |d 2015-01-08  |g 0.00  |l 4  |o 909.83 WIL/C  |p 052038  |r 2017-11-02  |s 2017-10-10  |v 0.00  |w 2015-01-08  |y BK